000 00465nam a2200169 i 4500
001 135213
003 ES-MaACL
005 20230906194830.0
007 t|
008 070712s1918 xxk ||||1| spa d
100 1 _aTolkowsky, S.
_9110467
245 1 3 _aLa colonización judía en Palestina /
_cS. Tolkowsky.
260 _aLondres :
_bLa Zionist Organization,
_c1918.
300 _a12 p. ;
_c21 cm.
650 0 4 _aSionismo.
_917129
852 _aES-MaACL
_j1577-F-5
999 _c135213
_d135213